<?xml version='1.0' encoding='UTF-8'?>
  <record xmlns="http://www.loc.gov/MARC21/slim">
    <leader>00000cam a22000007i 4500</leader>
    <controlfield tag="001">ocm68841323</controlfield>
    <controlfield tag="003">OCoLC</controlfield>
    <controlfield tag="005">20250729204520.8</controlfield>
    <controlfield tag="008">960123m17291733ne            000 0 dut d</controlfield>
    <datafield tag="040" ind1=" " ind2=" ">
      <subfield code="a">NLGGC</subfield>
      <subfield code="b">dut</subfield>
      <subfield code="e">fobidrtb</subfield>
      <subfield code="c">NLGGC</subfield>
      <subfield code="d">OCLCO</subfield>
      <subfield code="d">OCLCL</subfield>
      <subfield code="d">OCLCQ</subfield>
    </datafield>
    <datafield tag="029" ind1="0" ind2=" ">
      <subfield code="a">NLGGC</subfield>
      <subfield code="b">144926105</subfield>
    </datafield>
    <datafield tag="035" ind1=" " ind2=" ">
      <subfield code="a">(OCoLC)68841323</subfield>
    </datafield>
    <datafield tag="245" ind1="0" ind2="0">
      <subfield code="a">Groot placaatboek vervattende alle de placaten, ordonnantien en edicten, der ... Staten 's lands van Utrecht :</subfield>
      <subfield code="b">mitsgaders van de ... Borgemeesteren en Vroedschap der stad Utrecht tot het jaar 1728 ingesloten. Verrykt met allerhande edicten van Keyzer Karel en Philips den tweeden, handvesten ... Alle ... by eengebragt, en met de nodige reg. voorzien /</subfield>
      <subfield code="c">door Johan vande Water, ...</subfield>
    </datafield>
    <datafield tag="246" ind1="3" ind2=" ">
      <subfield code="a">Groot Utrechts placaatboek</subfield>
    </datafield>
    <datafield tag="246" ind1="3" ind2=" ">
      <subfield code="a">Generale inhoud van alle de placaten ... begrepen in ses registers, op het Groot Vtrechts Placaetboek</subfield>
    </datafield>
    <datafield tag="260" ind1=" " ind2=" ">
      <subfield code="a">Te Utrecht :</subfield>
      <subfield code="b">by Jacob van Poolsum,</subfield>
      <subfield code="c">1729-1733.</subfield>
    </datafield>
    <datafield tag="300" ind1=" " ind2=" ">
      <subfield code="a">3 dl. + Register (in-8) ;</subfield>
      <subfield code="c">in-2.</subfield>
    </datafield>
    <datafield tag="336" ind1=" " ind2=" ">
      <subfield code="a">tekst</subfield>
      <subfield code="b">txt</subfield>
      <subfield code="2">rdacontent/dut</subfield>
    </datafield>
    <datafield tag="337" ind1=" " ind2=" ">
      <subfield code="a">zonder medium</subfield>
      <subfield code="b">n</subfield>
      <subfield code="2">rdamedia/dut</subfield>
    </datafield>
    <datafield tag="338" ind1=" " ind2=" ">
      <subfield code="a">band</subfield>
      <subfield code="b">nc</subfield>
      <subfield code="2">rdacarrier/dut</subfield>
    </datafield>
    <datafield tag="500" ind1=" " ind2=" ">
      <subfield code="a">De delen I en III met gegraveerd titelblad: "Placaatboek 's lands van Utrecht (Utrecht 1729)"; dl. I met voortitel: Groot Utrechts placaatboek. Dl. IV o.d.t.: Generale inhoud van alle de placaten ... begrepen in ses registers, op het Groot Vtrechts Placaetboek.</subfield>
    </datafield>
    <datafield tag="500" ind1=" " ind2=" ">
      <subfield code="a">I,, II. (1729.) III, [IV]. (1733)</subfield>
    </datafield>
    <datafield tag="530" ind1=" " ind2=" ">
      <subfield code="a">Titel is geselecteerd voor digitalisering voor de Universiteit van Amsterdam in het kader van het Google Books-project.</subfield>
    </datafield>
    <datafield tag="700" ind1="1" ind2=" ">
      <subfield code="a">Water, Johan van de,</subfield>
      <subfield code="d">1689-1761.</subfield>
      <subfield code="1">https://id.oclc.org/worldcat/entity/E39PCjJf4Yx3kPvKm9TPRDYgcd</subfield>
    </datafield>
    <datafield tag="710" ind1="0" ind2=" ">
      <subfield code="a">Poolsum, Jacob van (Utrecht)</subfield>
      <subfield code="4">prt</subfield>
      <subfield code="0">(NL-LeOCL)07715455X</subfield>
    </datafield>
    <datafield tag="758" ind1=" " ind2=" ">
      <subfield code="a">Groot placaatboek vervattende alle de placaten, ordonnantien en edicten der ... Staten 's lands van Utrecht (Text)</subfield>
      <subfield code="1">https://id.oclc.org/worldcat/entity/E39PCYTrqP8Xpm6jdBTfpGYJQq</subfield>
      <subfield code="4">https://id.oclc.org/worldcat/ontology/hasWork</subfield>
    </datafield>
    <datafield tag="776" ind1="0" ind2=" ">
      <subfield code="t">Groot placaatboek vervattende alle de placaten, ordonnantien en edicten, der ... Staten 's lands van Utrecht</subfield>
      <subfield code="w">(NL-LeOCL)396814026</subfield>
    </datafield>
    <datafield tag="776" ind1="0" ind2=" ">
      <subfield code="t">Groot placaatboek vervattende alle de placaten, ordonnantien en edicten, der ... Staten 's lands van Utrecht</subfield>
      <subfield code="w">(NL-LeOCL)396814034</subfield>
    </datafield>
    <datafield tag="776" ind1="0" ind2=" ">
      <subfield code="t">Groot placaatboek vervattende alle de placaten, ordonnantien en edicten, der ... Staten 's lands van Utrecht</subfield>
      <subfield code="w">(NL-LeOCL)40027969X</subfield>
    </datafield>
    <datafield tag="776" ind1="0" ind2=" ">
      <subfield code="t">Groot placaatboek vervattende alle de placaten, ordonnantien en edicten, der ... Staten 's lands van Utrecht</subfield>
      <subfield code="w">(NL-LeOCL)401864472</subfield>
    </datafield>
    <datafield tag="776" ind1="0" ind2=" ">
      <subfield code="t">Groot placaatboek vervattende alle de placaten, ordonnantien en edicten, der ... Staten 's lands van Utrecht</subfield>
      <subfield code="w">(NL-LeOCL)404367909</subfield>
    </datafield>
    <datafield tag="776" ind1="0" ind2=" ">
      <subfield code="t">Groot placaatboek vervattende alle de placaten, ordonnantien en edicten, der ... Staten 's lands van Utrecht</subfield>
      <subfield code="w">(NL-LeOCL)407105255</subfield>
    </datafield>
    <datafield tag="776" ind1="0" ind2=" ">
      <subfield code="t">Groot placaatboek vervattende alle de placaten, ordonnantien en edicten, der ... Staten 's lands van Utrecht</subfield>
      <subfield code="w">(NL-LeOCL)407105263</subfield>
    </datafield>
    <datafield tag="776" ind1="0" ind2=" ">
      <subfield code="t">Groot placaatboek vervattende alle de placaten, ordonnantien en edicten, der ... Staten 's lands van Utrecht</subfield>
      <subfield code="w">(NL-LeOCL)408402415</subfield>
    </datafield>
    <datafield tag="936" ind1=" " ind2=" ">
      <subfield code="a">BATCHLOAD</subfield>
    </datafield>
  </record>